Responses for show #3112 - Tuesday, February 24, 1998

Chris Ward game 1.

Contestants

Chris Ward, a foreign service officer from Lima, Peru

Jane Jessell, a travel agent from Bozeman, Montana

Michelle Covert, a Navy wife originally from Fort Lewis, Washington

Jeopardy! Round responses

THE DIRECTOR SPEAKS
(Alex: Now that's a great category!) (Director: From booth] Thank you, Alex. [Director reads remaining category names])
PLACES
"LIGHT"s
CAMERA
ACTION!
WHERE'S MY COFFEE?
(Alex: Kevin, you're pushing it just a little.)
    $100 3
Spielberg

Chris
    $100 18
diner

Jane
    $100 8
lightweights

Jane
    $100 24
(Jane: What is a VCR?)

a camcorder

MichelleJane
    $100 10
Superman

Chris
    $100 1
Mocha

Michelle
    $200 4
Orson Welles

Chris
    $200 19
shrine

Triple Stumper
    $200 9
(Jane: What is... euwh... plight?)

make light of it

JaneChris
    $200 25
fisheye lenses

Triple Stumper
    $200 11
Johnson

Chris
    $200 2
Kenya

Chris
    $300 5
Hitchcock

Chris
    $300 20
reading rooms

Jane
    $300 15
the lightning rod

Triple Stumper
    $300 27
Polaroid

Chris
    $300 12
an equal & opposite reaction

Chris
    $300 23
Sumatra

Triple Stumper
    $400 6
Woody Allen

Jane
    $400 21
a ford

Michelle
    $400 16
screw in a light bulb

Chris
    $400 13
a wave

Chris
    $400 26
Guatemala

Chris
    $500 7
Billy Wilder

Jane
    $500 22
(Michelle: What is a foyer?)

the vestibule

Michelle
Triple Stumper
    $500 17
this little light of mine

Chris
    $500 14
Willem de Kooning

Triple Stumper

Scores at the first commercial break (after clue 14):

Michelle Jane Chris
$100 $800 $2,000

Scores at the end of the Jeopardy! Round:

Michelle Jane Chris
$100 $1,100 $3,600

Double Jeopardy! Round responses

SHAKESPEAREAN OPERAS & BALLETS
(Alex: That leaves the director out.)
BACKWARDS
(Alex: He's back in.)
CARTOONS
19th CENTURY AMERICA
MEN OF THE WORLD
WORD ORIGINS
    $200 15
The Merchant of Venice

Michelle
    $200 2
a countdown

Chris
    $200 27
Bugs Bunny

Chris
    $200 1
(Chris: What is oil?)
...
(Alex: They found [*] in the Klondike.)

gold

JaneChris
    $200 21
(Alex: That's why a lot of people go to [*], yes.)

Tijuana

Michelle
    $200 9
Minnesota

Chris
    $400 16
Romeo & Juliet

Chris
    $400 3
regression

Jane
    $400 14
Foghorn Leghorn

Jane
    $400 7
Johnson

Chris
    $400 22
(Michelle: What is Russia?)
...
(Alex: [*], Henry Kissinger, correct.)

Germany

MichelleJane
    $400 10
window

Chris
    $600 17
The Tempest

Jane
    $600 4
a retreat

Chris
    $600 11
Winnie the Pooh

Chris
    $600 8
"Home On The Range"

Jane
    $600 25
Rupert Murdoch

Jane
    $600 23
salad

Triple Stumper
    $800 18
Lady Macbeth

Michelle
    $800 5
the coxswain

Chris
    $800 12
The Fantastic 4

Chris
    $800 20
a subway

Triple Stumper
    $800 24
zero

Michelle
    $500 19
(Alex: Alvin Ailey dance group: African-Americans.)

Othello

Michelle
    $1000 6
(Bill) Robinson

Jane
    $1000 13
a kangaroo

Chris
    $1,000 26
the Saxons

Jane

Scores at the end of the Double Jeopardy! Round:

Michelle Jane Chris
$2,200 $6,300 $9,000

[wagering suggestions for these scores]

Final Jeopardy! Round responses

FAMOUS VOYAGES
MichelleWhat is the USS Nautilus?
$0
JaneWhat is the Beagle?
$1,000
ChrisWhat is the Beagle?
$3,601
the Beagle

Final scores:

Michelle Jane Chris
$2,200 $7,300 $12,601
3rd place: Sears gift certificates 2nd place: Sears gift certificates New champion: $12,601

Game dynamics:

Coryat scores:

Michelle Jane Chris
$2,700 $6,300 $9,000
8 R
(including 1 DD),
2 W
14 R
(including 1 DD),
2 W
24 R,
1 W

Combined Coryat: $18,000

The J! Archive is created by fans, for fans. The Jeopardy! game show and all elements thereof, including but not limited to copyright and trademark thereto, are the property of Jeopardy Productions, Inc. and are protected under law. This website is not affiliated with, sponsored by, or operated by Jeopardy Productions, Inc. Join the discussion at JBoard.tv.